| 000 | 00522nam a22001697a 4500 | ||
|---|---|---|---|
| 003 | BD-DhUL | ||
| 005 | 20170405094455.0 | ||
| 008 | 170405b xxu||||| |||| 00| 0 eng d | ||
| 040 |
_cBD-DhUL _dBD-DhUL |
||
| 082 |
_a903 _bTON |
||
| 245 | _aReport on the economic, financial and industrial conditions of Finland dated March, 1925 / | ||
| 260 |
_aLondon: _bfredik, _c1867. |
||
| 300 |
_a1116p.: _c18cm. |
||
| 500 | _aIncludes Index And reference. | ||
| 651 | 0 |
_2financial and industrial conditions _aUK |
|
| 942 |
_2ddc _cREF |
||
| 999 |
_c171975 _d171975 |
||